Programa de cooperación "Intercampus/ALE 96" : estudiantes universitarios de pre y postgrado.
Guardado en:
| Autor Corporativo: | |
|---|---|
| Formato: | Libro |
| Idioma: | Spanish |
| Publicado: |
Instituto de Cooperación Iberoamericana,
1995.
|
| Etiquetas: |
Agregar Etiqueta
Sin Etiquetas, Sea el primero en etiquetar este registro!
|
| LEADER | 00645nam a22001335a 4500 | ||
|---|---|---|---|
| 001 | EEA.libagro005128 | ||
| 005 | 20181004103339.0 | ||
| 008 | 130809s1995####sp############000#0#spa#d | ||
| 082 | 0 | 4 | |a 370.1962 |
| 110 | 2 | |a España. |b Ministerio de Asuntos Exteriores. |b Secretaría de Estado de Cooperación Internacional y para Iberoamérica. |b Programa de cooperación en el ámbito universitario iberoamericano. | |
| 245 | 1 | 0 | |a Programa de cooperación "Intercampus/ALE 96" : |b estudiantes universitarios de pre y postgrado. |
| 260 | |b Instituto de Cooperación Iberoamericana, |c 1995. | ||
| 300 | |a 247 p. ; |c 21 cm. | ||
| 859 | |a AR-BbBCA |b BIB. AGRONOMIA |h 370.1962 |i E77 |p 1995/2399 | ||
